000 00366nam a2200145Ia 4500
008 230711s9999||||xx |||||||||||||| ||und||
041 _aENG
082 _a720
_bMA-P
100 _aE.C. Martin
245 2 _aA photographic guide landscape in plant
250 _a1st Ed.
260 _c1983
_aNew York
_bVan Nostrand Reinhold Co.
650 _aArchitecture
942 _cBK
999 _c2209
_d2209